[Event "Hannover-chB"]
[Site "Lehrte"]
[Date "2010.10.10"]
[Round "3"]
[White "Raulf, Christopher"]
[Black "Palatzky, Andre"]
[Result "1-0"]
[WhiteElo "1738"]
[BlackElo "1704"]
[PlyCount "45"]
[EventDate "2010.10.09"]
[EventType "swiss"]
[EventRounds "7"]
[EventCountry "GER"]
[SourceTitle "EXT 2021"]
[Source "ChessBase"]
[SourceDate "2020.10.23"]
[SourceVersion "1"]
[SourceVersionDate "2020.10.23"]
[SourceQuality "1"]

1. e4 c5 2. Nf3 Nc6 3. d4 cxd4 4. Nxd4 d5 5. Bb5 Bd7 6. exd5 Nxd4 7. Bxd7+ Qxd7 8. Qxd4 Nf6 9. c4 e6 10. Nc3 exd5 11. Nxd5 Qe6+ 12. Be3 Nxd5 13. cxd5 Qd6 14. 0-0 f6 15. Rac1 g5 16. Bxg5 Be7 17. Rfe1 Kf7 18. Re6 Qd8 19. Bh4 h5 20. Rce1 Rh6 21. Rxe7+ Qxe7 22. Rxe7+ Kxe7 23. Qe3+ 1-0